Книгата на Руми : 105 истории за вдъхновение, наслада и поука (Запис номер 345210)
[ съкратено ]
| 000 -Лидер | |
|---|---|
| Контролно поле с фиксирана дължина | 01366nam a2200241 a 4500 |
| 003 - Код на организацията, давaща контролен номер | |
| Контролно поле | BLK |
| 005 - Дата и час на последна редакция | |
| Контролно поле | 20240531102023.0 |
| 008 - Елементи от данни с фиксирана дължина | |
| fixed length control field | 190916b bu ||||| |||| 00| 0 bu d |
| 020 ## - Международен стандартен номер на книга ISBN | |
| Международен стандартен номер на книга ISBN | 9789542618874 |
| 040 ## - Източник на каталожния запис | |
| Идентификатор на билиотеката - собственик на записа | BLK |
| 041 ## - Код за език | |
| Код за езика на текст/звукозапис или на отделно заглавие | Български |
| Код за езика КДБФ | Български |
| 080 ## - УДК | |
| Текстов определител УДК | Американска литература (на САЩ) |
| УДК код - определител по УДК | 821.111(73) |
| УДК определител | -91-342 |
| УДК - код + определител | 821.111(73)-91-342 |
| 100 ## - Редна дума - Автор | |
| R(LIN) | 421 |
| Автор | Мафи, Мариам |
| Авторска отговорност | адапт. |
| 245 ## - Сведения за заглавието | |
| Заглавие | Книгата на Руми : 105 истории за вдъхновение, наслада и поука |
| Редно поле (дума) | [прев. от перс.], адапт. Мариам Мафи ; предг. Наргюес Фарзад ; прев. от англ. Снежана Милева |
| 260 ## - Област на издателските данни | |
| 9 (RLIN) | 209439 |
| Място на издаване, разпространение и проч. | София |
| Име на издателя, разпространителя и проч. | Хермес |
| Година на издаване | 2019 |
| Печатница | Костинброд : Мултипринт ООД |
| 300 ## - Физическа характеристика | |
| Страници | 271 с. |
| Размери/Мащаб | 18 см |
| 380 ## - Жанр | |
| Жанр | Худож. лит. |
| 500 ## - Общи забележки | |
| Забележка | Джалал ал-Дин Руми, 1207-1273 <br/>Прев. по: The book of Rumi / Maryam Mafi<br/>Биогр. данни за авт. на адапт. отбелязани на 3-та кор. |
| 700 1# - Други автори (авторска отговорност) | |
| Лично име | Милева, Снежана Цветанова |
| Дати, свързани с автора | 1974 - |
| Друга информация | Преводач от/на английски и немски език |
| 9 (RLIN) | 95687 |
| 700 ## - Други автори (авторска отговорност) | |
| 9 (RLIN) | 1236 |
| Лично име | Фарзад, Наргюес |
| Автороска отговорност (Описва отношението между автора и произведението) | предг. от |
| 999 ## - СИСТЕМНИ КОНТРОЛНИ НОМЕРА | |
| Koha biblionumber | 345210 |
| Koha biblioitemnumber | 345210 |
| 942 ## - АРТИКУЛИ | |
| Вид на библиотечния материал | Книги |
| Скрит в OPAC | Не |
| Периодичен библиозапис | Да |
| 944 ## - СЪЗДАВАНЕ И РЕДАКЦИЯ на ЗАПИСА | |
| Създаване/Редакция | Създаване |
| Дата на регистрацията/редакция | 2019-09-16 |
| Служител, извършил регистрацията/редакцията | 30560 |
| Статус, дата на статуса | Геновева Генчева |
| Код за отписване | Код за изгубен артикул | Източник на класификационната схема | Код за повреда | Код за отдаване | Артикулен № | Име на библиотеката - собственик | Име на библиотеката, в която се намира в момента | Статус (Текущо местоположение) | Дата на вписване в системата | Местоположение - отдел | Цена в лева | Систематично азбучна сигнатура | Баркод | Цена в евро | Служебен тип на артикула |
|---|---|---|---|---|---|---|---|---|---|---|---|---|---|---|---|
| Не е изгубен | Universal Decimal Classification | Не е повреден | ползва се в читалня | 746410 | Регионална библиотека "Любен Каравелов" Русе | Регионална библиотека "Любен Каравелов" Русе | Хранилище | 2019-09-25 | Хранилище | 17.95 | Цб 296893 | 120000836446 | 9.18 | Книги |